[Event "Euskadi-ch U18"]
[Site "Eibar"]
[Date "2016.04.02"]
[Round "8.1"]
[White "Dorronsoro Larbide, Ibai"]
[Black "Lagos Lejarraga, Jon"]
[Result "0-1"]
[WhiteElo "1616"]
[BlackElo "1919"]
[PlyCount "64"]
[EventDate "2016.03.29"]
[EventType "tourn"]
[EventRounds "9"]
[EventCountry "ESP"]
[SourceTitle "EXT 2024"]
[Source "ChessBase"]
[SourceDate "2023.10.10"]
[SourceVersion "1"]
[SourceVersionDate "2023.10.10"]
[SourceQuality "1"]

1. e4 c5 2. Nf3 d6 3. d4 cxd4 4. Nxd4 Nf6 5. Nc3 g6 6. Be3 Bg7 7. Bc4 0-0 8. f3 Nc6 9. Bb3 Bd7 10. Qd2 Rc8 11. g4 Na5 12. h4 Nc4 13. Bxc4 Rxc4 14. 0-0-0 Qa5 15. Nb3 Qa6 16. Kb1 Rfc8 17. Bd4 Be6 18. Qd3 b5 19. g5 Nd7 20. Bxg7 Kxg7 21. Rdf1 Ne5 22. Qe3 Rxc3 23. bxc3 Nc4 24. Qd4+ Kg8 25. Ka1 Qa3 26. Rb1 Rc6 27. Nc1 Qa5 28. Rb4 Na3 29. Qd3 Nxc2+ 30. Qxc2 Qxb4 31. Ne2 Qc4 32. Rc1 Ra6 0-1

[Event "Euskadi-ch U18"]
[Site "Eibar"]
[Date "2016.04.01"]
[Round "6.1"]
[White "Dorronsoro Larbide, Ibai"]
[Black "Velez Nebreda, Joel"]
[Result "1-0"]
[WhiteElo "1616"]
[BlackElo "1320"]
[PlyCount "25"]
[EventDate "2016.03.29"]
[EventType "tourn"]
[EventRounds "9"]
[EventCountry "ESP"]
[SourceTitle "EXT 2024"]
[Source "ChessBase"]
[SourceDate "2023.10.10"]
[SourceVersion "1"]
[SourceVersionDate "2023.10.10"]
[SourceQuality "1"]

1. e4 e5 2. Nf3 Nf6 3. Nc3 Bb4 4. Bc4 0-0 5. d3 Nc6 6. 0-0 b6 7. Bg5 Be7 8. d4 exd4 9. Nxd4 Nxe4 10. Nxc6 Nxc3 11. Nxe7+ Kh8 12. Qf3 f6 13. Ng6+ 1-0